01005nam a22001697a 450000500170000000800410001702000180005805000150007610000220009124500920011326000490020530000240025450000200027850504950029870000230079370000190081620230626104032.0230620b ||||| |||| 00| 0 eng d a9780198745181 aKD1480.W68 aWilkie, Margaret. aConcentrate Q & A: Equity & Trusts. /cMargaret Wilkie, Rosalind Malcolm, Peter Luxton, aNew York: bOxford University Press, c2016. axx, 249 p.:c24 cm. aIncludes index. aContents: Exam skill for success in equity and trusts law -- Nature of equity and the law of trusts -- The three certainties and formalities -- Constitution of trusts -- Truss, powers and discretionary and protective trusts -- Charitable trusts -- Trusts of imperfect obligation -- Implied and resulting trusts -- Constructive trusts -- Estoppel -- Administration of trusts -- Breach of trust -- Equitable remedies -- Mixed topic questions -- Skills for success in coursework assessments -- aMalcolm, Rosalind. aLuxton, Peter.